El niño de 13 y 14 años
Saved in:
| Main Authors: | , , |
|---|---|
| Format: | Book |
| Language: | Spanish |
| Published: |
Buenos Aires
Paidós
1978
|
| Edition: | 4a. ed |
| Series: | Biblioteca del educador contemporáneo, 60
|
| Subjects: | |
| Tags: |
Add Tag
No Tags, Be the first to tag this record!
|
MARC
| LEADER | 00000nam a2200000 a 4500 | ||
|---|---|---|---|
| 001 | UCZ0496 | ||
| 003 | CL-VaPUC | ||
| 008 | 950728e19780000AG |||||||||||||||||spa|d | ||
| 082 | 0 | 4 | |a 155.5 |b GES |2 21 |
| 100 | |a Gesell, Arnold Lucius |e author |9 488199 | ||
| 700 | 0 | |a Ilg, Frances L |e author |9 343386 | |
| 700 | 0 | |a Ames, Louise Bates |e author |9 343387 | |
| 245 | 1 | 3 | |a El niño de 13 y 14 años |
| 250 | |a 4a. ed | ||
| 300 | |a 127 p | ||
| 942 | |c BK | ||
| 945 | |d 19950728 00:00:00 |a cmena | ||
| 260 | |a Buenos Aires |b Paidós |c 1978 | ||
| 650 | 0 | |a Psicología del adolescente |9 307864 | |
| 650 | 0 | |a Adolescencia |9 307361 | |
| 650 | 7 | |a MADUREZ AFECTIVA |2 CL-VaPUC |9 334735 | |
| 650 | 7 | |a MADUREZ PARA EL APRENDIZAJE |2 CL-VaPUC |9 343388 | |
| 650 | 0 | |a Desarrollo individual |9 307875 | |
| 650 | 0 | |a Psicología del desarrollo |9 307541 | |
| 650 | 7 | |a INVESTIGACION PSICOLOGICA |2 CL-VaPUC |9 309030 | |
| 583 | |a last modification |c 19950728 00:00:00 |k Rodrigo Vera | ||
| 490 | 0 | |a Biblioteca del educador contemporáneo, 60 | |
| 999 | |c 237417 |d 237415 | ||
| 952 | |0 0 |1 0 |4 0 |6 155_500000000000000_GES_1978 |7 0 |8 R |9 246463 |a BIBEDU |b BIBEDU |c MCIRC |d 2019-11-18 |i 154439K |o 155.5 GES 1978 |p 154439K |r 2023-01-13 |w 2019-11-18 |y BK_R |k EDU | ||